00626 2200241 4500001002100000005001700021008004100038035002400079041000800103043001200111082001200123090001900135100001500154245006400169250001100233260002500244300002900269650002900298700001500327850001200342990001500354990001500369YOGYA-0209000001677320090227022702.0 ind  0010-020900000016773 aInd aYOPDYOG a371.422 a371.422bDju B aDJUMHUR, L aBimbingan dan penyuluhan di sekolahcL. Djumhur, Moh. Surya aCet. 5 aBandungbIlmuc21 cm aix, 222 hlmbilusc21 cm aBimbingan dan penyuluhan aSURYA, Moh aYOPDYOG a13847-Pb1 a11233-Pb1